000
00324nam a2200133Ia 4500
999
_c
6760
_d
6760
008
200302s9999 xx 000 0 und d
082
_a
712
_b
VEN
100
_a
Alex Vedder
245
_a
Handbook of landscape architecture Vol - 1
260
_b
Callisto Reference Published
260
_c
2015
300
_a
402
942
_2
ddc